=LDR 00000nam 2200000 4500 =001 INLIS000000000005384 =005 20251015090418 =035 ##$$a 0010-1025000439 =007 ta =008 251015################f##########0#ind## =082 ##$$a 304.66 =084 ##$$a 304.66 BAD l =245 1#$$a Lima Belas Tahun Memasyarakatkan KB /$c BADAN KOORDINASI KELUARGA BERENCANA NASIONAL =260 ##$$a Jakarta :$b Badan Koordinasi Keluarga Berencana Nasional,$c 1985 =300 ##$$a 28 hlm. =650 #4$$a Keluarga Berencana =110 2#$$a BADAN KOORDINASI KELUARGA BERENCANA NASIONAL =856 ##$$a Perpustakaan Kemendukbangga